000 00930nam a2200277 i 4500
001 15408
003 ES-MaACL
005 20230906151051.0
007 t|
008 000302s1999 sp ||||1| spa d
020 _a84-923978-2-9
080 _a9(=924:462.251 Coria)(093)
080 _a9(=924:462.251 Granadilla)(093)
100 1 _aHervás, Marciano de.
_963417
245 1 0 _aDocumentos para la historia de los judíos de Coria y Granadilla /
_cMarciano de Hervás ; prólogo de Baruj Garzón Serfaty.
250 _a1ª ed.
260 _aCoria :
_bAyuntamiento,
_c1999.
300 _a290 p. :
_bil. ;
_c24 cm.
490 1 _aColección temas caurienses ;
_v4
650 4 _aJudíos-
_zCáceres (Provincia)
_9174500
700 1 _aGarzón Serfaty, Baruj.
_955827
710 1 _aCoria.
_bAyuntamiento.
_93303
830 1 _aColección temas caurienses ;
_v4
_9179790
852 4 _aES-MaACL
_jL-22492
999 _c15408
_d15408